Tracks on Albums #15: Master of Puppets - Statistics

General Stats
  • This quiz has been taken 126 times
  • The average score is 7 of 8
Answer Stats
Track No. Answer % Correct
2 Master of Puppets
100%
1 Battery
97%
4 Welcome Home (Sanitarium)
91%
7 Orion
88%
5 Disposable Heroes
77%
8 Damage, Inc.
76%
3 The Thing That Should Not Be
75%
6 Leper Messiah
73%
No matching quizzes found
Score Distribution
Percent of People with Each Score
Percentile by Number Answered
Your Score History
You have not taken this quiz